| 000 | 01184nac a22002651u 4500 | ||
|---|---|---|---|
| 010 | _a 92022016 | ||
| 020 | _a0521412382 | ||
| 020 | _a0521034930 | ||
| 082 | 0 | 0 |
_a306.4840973 _bEn35 |
| 090 |
_c3316 _d3316 |
||
| 100 | _a20080729 | ||
| 245 | 0 | 4 |
_aThe American stage : _bsocial and economic issues from the colonial period to the present / _cedited by Ron Engle and Tice L. Miller. |
| 260 |
_aCambridge [England] ; _aNew York : _bCambridge University Press,1993 _c1993. |
||
| 300 |
_axxi, 320 p. : _bill. ; _c24 cm. |
||
| 504 | _aIncludes bibliographical references (p. 290-308) and index. | ||
| 650 | 0 |
_aTheater and society _zUnited States. |
|
| 650 | 0 |
_aTheater _xEconomic aspects _zUnited States. |
|
| 650 | 0 |
_aTheater _zUnited States _xHistory. |
|
| 700 | 1 | _aEngle, Ron. | |
| 700 | 1 | _aMiller, Tice L. | |
| 856 | 4 | 1 |
_3Table of contents _uhttp://www.loc.gov/catdir/toc/cam023/92022016.html |
| 856 | 4 | 1 |
_3Publisher description _uhttp://www.loc.gov/catdir/description/cam025/92022016.html |
| 942 |
_cBB _k306.4840973En35 |
||
| 999 |
_c3316 _d3316 |
||